| 000 | 00831nam a2200229Ia 4500 | ||
|---|---|---|---|
| 003 | GCL | ||
| 008 | 140319s9999 xx 000 0 ara d | ||
| 040 |
_aGCL / _cGCL |
||
| 082 | 0 | 4 |
_aد _b050 _bد هـ |
| 245 | 1 | 0 | _aالهلال يوليو 2003 : المشير الجمسى وداعا |
| 260 |
_aالقاهرة : _bدار الهلال للطباعة والنشر ، _c2003 |
||
| 650 | 0 | 4 | _aالقصة القصيرة |
| 650 | 0 | 4 | _aالثقافة |
| 650 | 0 | 4 | _aالتعليم - الولايات المتحدة الامريكية |
| 650 | 0 | 4 | _aالشعر العامى |
| 650 | 0 | 4 | _aالفن التشكيلى |
| 650 | 0 | 4 | _aالمثقفون العرب |
| 650 | 0 | 4 | _aالعروض المسرحية |
| 650 | 0 | 4 | _aالموسيقى العربية |
| 650 | 0 | 4 | _aالاعتداء الامريكى على العراق |
| 942 |
_2ddc _cCR |
||
| 999 |
_c6720 _d6720 |
||